Welcome to the Holygrace Academy Library

Please use search bar below to get started

SECONDARY SCHOOL ADMINISTRATION (Record no. 5441)

MARC details
000 -LEADER
fixed length control field 00312nam a22001337a 4500
020 ## - INTERNATIONAL STANDARD BOOK NUMBER
ISBN 81-207-0084-8
082 ## - DEWEY DECIMAL CLASSIFICATION NUMBER
Classification number 371.2
Item number KOC/S
100 ## - MAIN ENTRY--AUTHOR NAME
Personal name KOCHHAR, S K
245 ## - TITLE STATEMENT
Title SECONDARY SCHOOL ADMINISTRATION
260 ## - PUBLICATION, DISTRIBUTION, ETC. (IMPRINT)
Place of publication DELHI
Name of publisher STERLING PUBLISHERS
Year of publication 2002
300 ## - PHYSICAL DESCRIPTION
Number of Pages 468
650 ## - SUBJECT ADDED ENTRY--TOPICAL TERM
Topical Term EDUCATIONAL
Geographic subdivision INDIA
942 ## - ADDED ENTRY ELEMENTS (KOHA)
Koha item type Books
Holdings
Withdrawn status Lost status Collection code Home library Current library Shelving location Date acquired Source of acquisition Cost, normal purchase price Full call number Accession Number Koha item type
    Reference Main Library Main Library   02/10/2006 purchase 130.00 371.2 KOC/S 02086 Books